| 000 | 01148nam a2200289 a 4500 | ||
|---|---|---|---|
| 001 | 000048233 | ||
| 003 | DO-SdBNP | ||
| 005 | 20240925135940.0 | ||
| 008 | 181207s2015 dr a r 000 0 spa d | ||
| 020 | _a9789945462838 | ||
| 040 |
_aDO-SdBNP _bspa _cBNPHU |
||
| 082 | 4 |
_a972.93054 _bS631i, 2015 _222 |
|
| 100 | 1 |
_aSlater, Jerome _952891 |
|
| 245 | 1 | 3 |
_aLa intervención americana : _blos Estados Unidos y la revolución Dominicana / _cJerome Slater ; prólogo Hans J. Morgenthau. |
| 260 |
_aSanto Domingo : _bBúho, _c2015. |
||
| 300 |
_a321 p. ; _c22 cm. |
||
| 490 | 0 |
_a50 Aniversario Guerra de Abril 1965 _v5 |
|
| 500 | _aIncluye referencias bibliográficas y notas al pie de las páginas | ||
| 504 | _aBibliografía : p. 315-322 | ||
| 590 | _aInventariado, 2019 / DG | ||
| 651 | 4 |
_aRepública Dominicana _xRelaciones Exteriores _zEstados Unidos _96308 |
|
| 651 | 4 |
_aEstados Unidos _xRelaciones Exteriores _zRepública Dominicana _96309 |
|
| 651 | 4 |
_aEstados Unidos _xRelaciones Exteriores _y1963-1969 _952892 |
|
| 700 | 1 |
_aMorgenthau, Hans J., _epról. _952893 |
|
| 830 | 0 |
_a50 Aniversario Guerra de Abril 1965 _n5 _975672 |
|
| 942 |
_2ddc _cLBS1 |
||
| 999 |
_c47721 _d47721 |
||